Genio obsesivo : el mundo interior de Marie Curie /

Bibliographic Details
Main Author: Goldsmith, Barbara (Author)
Other Authors: Rabasco, María Esther (Translator)
Format: Electronic eBook
Language:Spanish
English
Published: Barcelona : Antoni Bosch editor, [2005]
Subjects:
Online Access:Digitalia Hispánica

MARC

LEADER 00000nam a2200000Ii 4500
001 DIGANBSCH0034
003 NyNyDIG
006 m o d
007 cr |||||||||||
008 240103s2005 sp a ob 000 0bspa d
035 |a (OCoLC)1417821035 
040 |a DGITA  |b eng  |e rda  |e pn  |c DGITA 
020 |z 9788495348197 
041 1 |a spa  |h eng 
043 |a e-pl--- 
050 1 4 |a QD22.C8 ebook 
082 0 4 |a 540.92  |2 23 
100 1 |a Goldsmith, Barbara,  |e author. 
240 1 0 |a Obsesive genius.  |l Spanish  |s (Rabasco) 
245 1 0 |a Genio obsesivo :  |b el mundo interior de Marie Curie /  |c Barbara Goldsmith ; traducción de Esther Rabasco. 
264 1 |a Barcelona :  |b Antoni Bosch editor,  |c [2005] 
300 |a 1 online resource :  |b illustrations. 
336 |a text  |b txt  |2 rdacontent 
337 |a computer  |b c  |2 rdamedia 
338 |a online resource  |b cr  |2 rdacarrier 
347 |a text file  |2 rdaft 
347 |b EPUB 
504 |a Includes bibliographical references. 
588 0 |a Online resource; title from PDF title page (Digitalia, viewed January 3, 2024) 
600 1 0 |a Curie, Marie,  |d 1867-1934. 
650 0 |a Chemists  |z Poland  |v Biography. 
650 0 |a Women chemists  |z Poland  |v Biography. 
700 1 |a Rabasco, María Esther,  |e translator.  
700 1 |i Translation of:  |a Goldsmith, Barbara.  |t Obsesive genius. 
791 2 |a Digitalia (Firm),  |e distributor. 
793 0 |g Digitalia eBook Collection:  |a Antoni Bosch Editor 
776 0 8 |i Print version:  |a Goldsmith, Barbara.  |s Obsesive genius. Spanish (Rabasco).  |t Marie Curie.  |d Barcelona : Antoni Bosch editor, [2005]  |z 9788495348197 
856 4 0 |3 Digitalia Hispánica  |u https://www.digitaliapublishing.com/a/100189/ 
910 |a Premium collection: 2024